000 01622 a2200205 4500
001 37399
005 20260407155642.0
008 260407a1957 arg spa d
003 AR-UNSa-BCEJYS
040 _aAR-UNSa-BCEJYS
_bspa
_cAR-UNSa-BCEJYS
080 _a658.53
_xRendimiento y tiempos en el proceso de producción
245 1 0 _aEstudio de tiempos y economía de movimientos
264 1 _aBuenos Aires :
_bEdiciones Contabilidad Moderna
_c1957
300 _a428 p.
_c24 cm.
505 _a1. Problemas psicologicos que plantea el progreso en los métodos - 2. Análisis de operaciones - 3. Gráficos y diagramas de proceso - 4. Gráficos de proceso de ambas manos - 5. Cómo producir más con menor esfuerzo - 6. Planes de sugestiones - 7. Programa de análisis - 8. Principios básicoa del estudio de tiempos - 9. Equipo empleado para realizar cronometrajes - 10. Desarrollo de un estudio de tiempos - 11. Terminología - 12. Ajustamiento - 13. Ajustamiento sintético - 14. La fatiga en la industria - 15. Estudio de las interrupciones del trabajo - 16. Estudio sintético de las interrupciones - 17. Cómputos finales de los estudios de tiempos - 18. Tiempos precalculados - 19. Organización de la oficina de estudio de tiempos - 20. La cooperación entre la empresa, su personal y los sindicatos obreros - 21. La producción en serie y los estudios de tiempos - 22. Distribución de tareas en industrias automatizadas - 23. Velocidades de corte y avance para el trabajo de metales
942 _cBK
590 _aniveau_biblio:m niveau_hierar:0
100 1 _aRaimondi, Carlos A.
700 1 _aMorrow, Robert Lee
999 _c2750
_d2750